| 000 | 01099nam a2200241Ia 4500 | ||
|---|---|---|---|
| 999 |
_c56033 _d56033 |
||
| 001 | 23133 | ||
| 003 | GE_BSU | ||
| 005 | 20230717170321.0 | ||
| 008 | 181216s1970||||ge |||||||||||||| ||geo|| | ||
| 040 | _cGE_BSU | ||
| 041 | _ageo | ||
| 080 | _a821.112.2-31 მ-27 | ||
| 100 |
_aმანი, თომას _919400 |
||
| 245 |
_aბუდენბროკები : ერთი ოჯახის აღსასრული : _bრომანი / _c თომას მანი ; გერმან. თარგმნ. დ. კოკაია-ფანჯიკიძემ ; ავტ. და ბოლოსიტყვ. დაურთო დ. კოკაია-ფანჯიკიძემ. |
||
| 264 |
_aთბილისი : _bნაკადული, _c1970. |
||
| 300 |
_a692 გვ. ; _c21 სმ. |
||
| 500 | _aშენიშვნები : გვ. 693-695 | ||
| 541 | _h4ლ. 72 თ. | ||
| 653 | _aბუდენბროკები | ||
| 653 | _aერთი ოჯახის აღსასრული | ||
| 653 | _aრომანი | ||
| 942 |
_cBK _2udc |
||